000 00660nam a2200205Ia 4500
001 16901
003 GE_BSU
008 181216s||||||||xx |||||||||||||| ||und||
040 _cGE_BSU
080 _a821.161.1-32
100 _aტურგენევი, ი.ს.
245 _aმოთხრობები. ტ. 1
245 _cთარგმ. იოსებ მჭედლიშვილისა ; რედ. ნ. ანანიაშვილისა
260 _aთბილისი
260 _bსახელგამი
260 _c1955
300 _a458 გვ.21 სმ.
653 _aმოთხრობები
942 _cBK
999 _c49965
_d49965